MARC

LEADER 00000nam0a2200000 4500
001 191551
005 20231031180731.0
035 |a (RuTPU)RU\TPU\book\208874 
090 |a 191551 
100 |a 20110207d1981 k y0rusy50 ca 
101 0 |a rus 
102 |a RU 
105 |a a z 001zy 
200 1 |a Элементы, узлы, блоки средств электроизмерительной техники  |f Всесоюзный научно-исследовательский институт электроизмерительных приборов (ВНИИЭП) 
210 |a Ленинград  |c Изд-во ВНИИЭП  |d 1981 
215 |a 160 с.  |c ил. 
225 1 |a Труды ВНИИЭП 
320 |a Библиография в конце статей 
610 1 |a электроизмерительная техника 
610 1 |a элементы 
610 1 |a узлы 
610 1 |a блоки 
610 1 |a питание 
610 1 |a схемы 
610 1 |a микропроцессорная аппаратура 
610 1 |a диагностика 
610 1 |a контроль 
610 1 |a бесконтактные измерения 
610 1 |a цифровые вольтметры 
610 1 |a цифровые измерительные устройства 
610 1 |a тонкопленочные резисторы 
610 1 |a геометрические размеры 
610 1 |a влияние 
610 1 |a электрофизические свойства 
610 1 |a источники 
675 |a 621.317.7  |v 3 
712 0 2 |a Всесоюзный научно-исследовательский институт электроизмерительных приборов (ВНИИЭП)  |c (Ленинград)  |c (1952-1993)  |2 stltpush  |3 (RuTPU)RU\TPU\col\15660 
801 1 |a RU  |b 63413507  |c 20110207 
801 2 |a RU  |b 63413507  |c 20160909  |g RCR 
942 |c BK